Hosszú távú tőkeköltségvetési és pénzügyi döntések hatásának elmélete és gyakorlata a vállalat piaci értékére
Vplyv finančného rozhodovania na trhovú hodnotu podniku. Výsledky prieskumu, ktorého cieľom bolo zistiť, do akej miery využíva finančný manažment podniku isvetičné projekty a dlhodobé finančné plánovanie.
Gespeichert in:
| 1. Verfasser: | |
|---|---|
| Format: | Buchkapitel |
| Sprache: | Ungarisch |
| Schlagworte: | |
| Tags: |
Keine Tags, Fügen Sie das erste Tag hinzu!
|
MARC
| LEADER | 00000naa$a2200000$$$4500 | ||
|---|---|---|---|
| 001 | 0146558 | ||
| 005 | 20240502083337.9 | ||
| 041 | 0 | |a hun | |
| 044 | |a HU | ||
| 245 | 1 | 0 | |a Hosszú távú tőkeköltségvetési és pénzügyi döntések hatásának elmélete és gyakorlata a vállalat piaci értékére |c Jozef Kráľovič |
| 520 | |a Vplyv finančného rozhodovania na trhovú hodnotu podniku. Výsledky prieskumu, ktorého cieľom bolo zistiť, do akej miery využíva finančný manažment podniku isvetičné projekty a dlhodobé finančné plánovanie. | ||
| 610 | 2 | 0 | |a rozhodovanie finančné |
| 610 | 2 | 0 | |a plánovanie finančné |
| 610 | 2 | 0 | |a projekty investičné |
| 610 | 2 | 0 | |a štruktúra kapitálová |
| 610 | 2 | 0 | |a prieskum |
| 610 | 2 | 0 | |a Slovensko |
| 100 | 1 | |a Kráľovič, Jozef | |